Joueurs de foot ballon d'or - Statistiques

Statistiques générales
  • Ce quiz a été pris 8 957 fois
  • Le résultat moyen est 29 sur 63
Statistiques - réponses
Année Joueurs % Correct
2008 Cristiano Ronaldo
99%
2013 Cristiano Ronaldo
99%
2014 Cristiano Ronaldo
99%
2016 Cristiano Ronaldo
99%
2017 Cristiano Ronaldo
99%
2009 Lionel Messi
99%
2010 Lionel Messi
99%
2011 Lionel Messi
99%
2012 Lionel Messi
99%
2015 Lionel Messi
99%
1997 Ronaldo
98%
2002 Ronaldo
98%
2018 Luka Modric
93%
1998 Zinedine Zidane
91%
2007 Kaka
78%
2005 Ronaldinho
78%
1983 Michel Platini
75%
1984 Michel Platini
75%
1985 Michel Platini
75%
2006 Fabio Cannavaro
68%
1971 Johan Cruyff
54%
1973 Johan Cruyff
54%
1974 Johan Cruyff
54%
1991 Jean-Pierre Papin
48%
2003 Pavel Nedved
46%
2000 Luis Figo
44%
1988 Marco Van Basten
44%
1989 Marco Van Basten
44%
1992 Marco Van Basten
44%
1999 Rivaldo
42%
2001 Michael Owen
38%
1957 Alfredo Di Stefano
36%
1959 Alfredo Di Stefano
36%
1987 Ruud Gullit
36%
1958 Raymond Kopa
34%
1972 Franz Beckenbauer
31%
1976 Franz Beckenbauer
31%
1995 George Weah
30%
1970 Gerd Muller
29%
1965 Eusébio
28%
1963 Lev Yachine
26%
1993 Roberto Baggio
24%
1968 George Best
22%
2004 Andreï Chevtchenko
17%
1990 Lothar Matthäus
16%
1966 Bobby Charlton
15%
1960 Luis Suarez
15%
1994 Hristo Stoichkov
14%
1996 Matthias Sammer
14%
1956 Stanley Matthews
10%
1980 Karl-Heinz Rummennigge
8%
1981 Karl-Heinz Rummennigge
8%
1982 Paolo Rossi
8%
1978 Kevin Keegan
6%
1979 Kevin Keegan
6%
1986 Igor Belanov
5%
1964 Denis Law
4%
1967 Flórián Albert
4%
1969 Gianni Rivera
4%
1977 Allan Simonsen
3%
1962 Josef Masopust
3%
1975 Oleg Blokhine
3%
1961 Omar Sivori
3%
Aucun quiz correspondant
Distribution des résultats
% des personnes avec chaque résultat
Percentile par nombre de réponses
Votre historique - résultats
Vous n’avez pas pris ce quiz